<?xml version="1.0" encoding="UTF-8"?><?xml-stylesheet type="text/xsl" href="static/style.xsl"?><OAI-PMH xmlns="http://www.openarchives.org/OAI/2.0/" xmlns:xsi="http://www.w3.org/2001/XMLSchema-instance" xsi:schemaLocation="http://www.openarchives.org/OAI/2.0/ http://www.openarchives.org/OAI/2.0/OAI-PMH.xsd"><responseDate>2026-04-13T04:55:49Z</responseDate><request verb="GetRecord" identifier="oai:www.recercat.cat:2072/409654" metadataPrefix="marc">https://recercat.cat/oai/request</request><GetRecord><record><header><identifier>oai:recercat.cat:2072/409654</identifier><datestamp>2026-03-13T03:14:45Z</datestamp><setSpec>com_2072_98</setSpec><setSpec>col_2072_378192</setSpec></header><metadata><record xmlns="http://www.loc.gov/MARC21/slim" xmlns:dcterms="http://purl.org/dc/terms/" xmlns:xsi="http://www.w3.org/2001/XMLSchema-instance" xmlns:doc="http://www.lyncode.com/xoai" xsi:schemaLocation="http://www.loc.gov/MARC21/slim http://www.loc.gov/standards/marcxml/schema/MARC21slim.xsd">
   <leader>00925njm 22002777a 4500</leader>
   <datafield ind2=" " ind1=" " tag="042">
      <subfield code="a">dc</subfield>
   </datafield>
   <datafield ind2=" " ind1=" " tag="720">
      <subfield code="a">Gallego, Angeles</subfield>
      <subfield code="e">author</subfield>
   </datafield>
   <datafield ind2=" " ind1=" " tag="720">
      <subfield code="a">Cobeña, Mar</subfield>
      <subfield code="e">author</subfield>
   </datafield>
   <datafield ind2=" " ind1=" " tag="720">
      <subfield code="a">Casanueva Rocha, Cristóbal</subfield>
      <subfield code="e">author</subfield>
   </datafield>
   <datafield ind2=" " ind1=" " tag="260">
      <subfield code="c">2016</subfield>
   </datafield>
   <datafield ind2=" " ind1=" " tag="520">
      <subfield code="a">La gestión de los recursos de red, entendidos como aquellos que son propiedad de los socios de una empresa y a los que accede a través de sus relaciones, es una cuestión básica en el desarrollo de alianzas y acuerdos. El tipo de recursos de red que serán necesarios para la empresa puede estar condicionado por el momento del ciclo de vida en que se encuentre y de si tiene una actitud de exploración o de explotación en el diseño y gestión de sus estrategias de cooperación. Se plantea una nueva consideración del ciclo de vida como un continuo entre empresas jóvenes y empresas consolidadas. Este trabajo analiza estas relaciones en el sector de las aerolíneas a nivel global. Los resultados muestran que las empresas consolidadas siguen simultáneamente un comportamiento de exploración y de explotación y que cuando se dan estos últimos se buscan recursos básicamente ligados al conocimiento y a la tecnología.</subfield>
   </datafield>
   <datafield ind2=" " ind1=" " tag="520">
      <subfield code="a">The management of network resources, defined as one owned by the partners of a business or that accesses through their relationships, is a general question in the development of alliances and agreements. The type of network resources that will be necessary for the company may be affected by the time of its life cycle and by if the company has an attitude of exploration or exploitation in the design and management of cooperative strategies. We propose a new framework of the life cycle as a continuum between young and established companies. This paper analyzes these relations in the airline industry globally. The results show the consolidated companies continue simultaneously conduct exploration and exploitation and that when they seek resources latter basically these are linked to knowledge and technology.</subfield>
   </datafield>
   <datafield tag="653" ind2=" " ind1=" ">
      <subfield code="a">Ciclo de vida</subfield>
   </datafield>
   <datafield tag="653" ind2=" " ind1=" ">
      <subfield code="a">Recursos de red</subfield>
   </datafield>
   <datafield tag="653" ind2=" " ind1=" ">
      <subfield code="a">Alianzas</subfield>
   </datafield>
   <datafield tag="653" ind2=" " ind1=" ">
      <subfield code="a">Exploración</subfield>
   </datafield>
   <datafield tag="653" ind2=" " ind1=" ">
      <subfield code="a">Explotación</subfield>
   </datafield>
   <datafield tag="653" ind2=" " ind1=" ">
      <subfield code="a">Lifecycle</subfield>
   </datafield>
   <datafield tag="653" ind2=" " ind1=" ">
      <subfield code="a">Network resources</subfield>
   </datafield>
   <datafield tag="653" ind2=" " ind1=" ">
      <subfield code="a">Alliances</subfield>
   </datafield>
   <datafield tag="653" ind2=" " ind1=" ">
      <subfield code="a">Exploration</subfield>
   </datafield>
   <datafield tag="653" ind2=" " ind1=" ">
      <subfield code="a">Exploitation</subfield>
   </datafield>
   <datafield ind2="0" ind1="0" tag="245">
      <subfield code="a">Exploración y explotación de los recursos de red y ciclo de vida</subfield>
   </datafield>
</record></metadata></record></GetRecord></OAI-PMH>